Top 5 Najpopularniejszych Nazwisk - Jaki To Kraj? - Statystyki

Ogólne statystyki
  • Ten quiz został rozwiązany 57 razy
  • Średni wynik to 30 z 50
Statystyki odpowiedzi
Top 5 Nazwisk Kraj % Poprawnych
Melnyk, Shevchenko, Bondarenko, Kovalenko, Boiko Ukraina
94%
Kim, Lee, Park, Choi, Jeong Korea Południowa
90%
Nowak, Kowalski, Lewandowski, Kowalczyk, Kamiński Polska
90%
Müller, Schmidt, Schneider, Fischer, Weber Niemcy
88%
Johansson, Andersson, Karlsson, Nilsson, Eriksson Szwecja
81%
Beridze, Kapanadze, Gelashvili, Mamedov, Maisuradze Gruzja
79%
Satō, Suzuki, Takahashi, Tanaka, Watanabe Japonia
79%
Ivanov, Kuznetsov, Petrov, Smirnov, Magomedov Rosja
79%
Gruber, Huber, Bauer, Wagner, Muller Austria
77%
Wang, Li, Zhang, Liu, Chen Chiny
75%
Jovanović, Nikolić, Petrović, Đorđević, Ilić Serbia
75%
Novak, Svoboda, Novotny, Dvorak, Cerny Czechy
73%
Jensen, Nielsen, Hansen, Pedersen, Andersen Dania
73%
Papadopoulos, Papadopoulou, Papageorgiou, Oikonomou, Papadimitriou Grecja
73%
Smith, Johnson, Williams, Brown, Jones USA
73%
Silva, Santos, Pereira, Alves, Ferreira Brazylia
71%
Garcia, Rodriguez, Gonzalez, Fernandez, Lopez Hiszpania
71%
Knežević, Horvat, Kovačević, Pavlović, Blažević Chorwacja
69%
Silva, Santos, Ferreira, Pereira, Costa Portugalia
69%
Nguyen, Tran, Le, Pham, Hoang Wietnam
69%
de Jong, Jansen, de Vries, Bakker, Janssen Holandia
67%
Popa, Popescu, Pop, Radu, Dimitru Rumunia
67%
Yilmaz, Kaya, Demir, Celik, Sahin Turcja
67%
Toth, Nagy, Szabo, Kovacs, Varga Węgry
67%
Korhonen, Virtanen, Nieminen, Makinen, Hamalainen Finlandia
65%
Rossi, Russo, Ferrari, Esposito, Colombo Włochy
65%
Gonzalez, Rodriguez, Fernandez, Garcia, Lopez Argentyna
63%
Smith, Jones, Williams, Brown, Wilson Australia
63%
Ivanov, Georgiev, Dimitrov, Petrov, Nikolov Bułgaria
63%
Hernandez, Garcia, Martinez, Lopez, Gonzalez Meksyk
63%
Smith, Jones, Taylor, Brown, Williams Wielka Brytania
63%
Devi, Singh, Kumar, Das, Kaur Indie
60%
Murphy, Kelly, Byrne, Walsh, Ryan Irlandia
56%
Jankauskas, Kazlauskas, Petrauskas, Stankevičius, Jankauskas Litwa
54%
Grigoryan, Harutyunyan, Sargsyan, Hovhannisyan, Khachatryan Armenia
52%
Mohamed, Ahmed, Ali, Hassan, Mahmoud Egipt
52%
Peeters, Janssens, Maes, Jacobs, Mertens Belgia
50%
Smith, Brown, Tremblay, Martin, Roy Kanada
48%
Berzins, Ozols, Ivanovs, Kalnins, Jansons Łotwa
48%
Martin, Bernard, Robert, Richard, Durand Francja
46%
Cohen, Levy, Mizrahi, Peretz, Bitton Izrael
42%
Saetang, Saelim, Ayutthaya, Chen, Li Tajlandia
29%
Mohammadi, Hosseini, Ahmadi, Ali, Moradi Iran
27%
Otieno, Mohamed, Mwangi, Odhiambo, Maina Kenia
27%
Ganbold, Ganbaatar, Batbayar, Bayarsaikhan, Ganbat Mongolia
27%
Ibrahim, Musa, Abubakar, Abdullahi, Mohammed Nigeria
27%
Sari, Setiawan, Hidayat, Lestari, Saputra Indonezja
25%
Khan, Ali, Hussain, Ahmad, Mohammad Pakistan
21%
Dlamini, Nkosi, Ndlovu, Khumalo, Sithole RPA
19%
Ilunga, Ngoy, Kasongo, Banza, Ntumba DRK
10%
Nie znaleziono quizów pasujących do podanych kryteriów
Rozkład punktacji
Procent ludzi z każdym wynikiem
Percentyl według liczby udzielonych odpowiedzi
Twoja historia wyników
Nie rozwiązałeś tego quizu